Engaging with fragile states <an> IEG review of World Bank support to low-income countries under stress

Gespeichert in:
Bibliographische Detailangaben
1. Verfasser: Carvalho, Soniya
Format: Buch
Sprache:Englisch
Veröffentlicht: Washington, D.C. <The> World Bank 2006
Schriftenreihe:Independent evaluation group study series
Schlagworte:
Tags: Tag hinzufügen
Keine Tags, Fügen Sie das erste Tag hinzu!

MARC

LEADER 00000nam$a2200000$$$4500
001 0051692
005 20240315115227.3
020 |a 0-8213-6847-8 
020 |a 978-0-8213-6847-3 
041 0 |a eng 
044 |a US 
245 1 0 |a Engaging with fragile states  |b <an> IEG review of World Bank support to low-income countries under stress  |c Soniya Carvalho 
264 1 |a Washington, D.C.  |b <The> World Bank  |c 2006 
300 |a 184 s. 
490 1 |a Independent evaluation group study series 
830 0 |a Independent evaluation group study series 
610 2 0 |a chudoba 
610 2 0 |a chudoba 
610 2 0 |a krajiny rozvojové 
610 2 0 |a štát 
610 2 0 |a nestabilita politická 
610 2 0 |a príjmy obyvateľstva 
610 2 0 |a úroveň životná 
610 2 0 |a výskum 
610 2 0 |a analýzy 
610 2 0 |a politika sociálna 
610 2 0 |a politika hospodárska 
610 2 0 |a reformy 
610 2 0 |a pomoc zahraničná 
610 2 0 |a dáta 
610 2 0 |a zdroje informácií 
610 2 0 |a stratégia hospodárska 
610 2 0 |a zdroje prírodné 
610 2 0 |a riadenie 
610 2 0 |a pôžičky medzinárodné 
610 2 0 |a banky 
610 2 0 |a dary 
610 2 0 |a rozvoj hospodársky 
100 1 |a Carvalho, Soniya